Obálka Náhled e-knihy:
PDF Epub
Pro půjčování e-knih musíte být přihlášeni.
Jak si půjčit online?

Magická zvířecí kavárna. Ukřičený kakadu /

Další část kouzelné série o dívence a chlapci, kteří dovedou mluvit se zvířaty.

Uloženo v:
Série:Magická zvířecí kavárna, část 2
Hlavní autor: Tarakson, Stella (Autor)
Další autoři: Attanasio, Fabiana, 1985- (Autor), Kupková, Tereza, 1989- (Ilustrátor)
Médium: E-kniha
Jazyk:Czech
Vydáno: V Praze : Fragment, 2025
Vydání:1. vydání
Témata:
Příbuzné jednotky:Přeloženo z: Magic animal café
Z cyklu:: Magická zvířecí kavárna
Tagy:
Žádné tagy
LEADER 02800nam a2200517 i 4500
001 312758
003 CZ PrSKC
005 20260601215728.0
007 ta
008 250304s2025 xr a b 000 j cze
015 |a cnb003675512 
020 |a 9788025371350  |q (vázáno) :  |c Kč 249,00 
035 |a (OCoLC)1514347029 
040 |a ABG001  |b cze  |e rda 
041 1 |a cze  |h eng 
072 7 |a 821.111-3  |x Anglická próza, anglicky psaná  |2 Konspekt 
072 7 |a 821-93  |x Literatura pro děti a mládež (beletrie)  |2 Konspekt 
080 |a 821.111(94)-32  |2 MRF 
080 |a 821-93  |2 MRF 
080 |a (0:82-32)  |2 MRF 
100 1 |a Tarakson, Stella  |7 xx0306460  |4 aut 
240 1 0 |a Shazza the homesick cockatoo.  |l Česky 
245 1 0 |a Magická zvířecí kavárna.  |p Ukřičený kakadu /  |c Stella Taraksonová ; ilustrovala Fabiana Attanasio ; z anglického originálu Magic animal café - Shazza the homesick cockatoo ... přeložila Tereza Kupková 
246 3 0 |a Ukřičený kakadu 
250 |a 1. vydání 
264 1 |a V Praze :  |b Fragment,  |c 2025 
300 |a 119 stran :  |b ilustrace ;  |c 21 cm 
336 |a text  |b txt  |2 rdacontent 
337 |a bez média  |b n  |2 rdamedia 
338 |a svazek  |b nc  |2 rdacarrier 
520 2 |a Další část kouzelné série o dívence a chlapci, kteří dovedou mluvit se zvířaty.  |b Ellie a Blake vyrazili do místního parku zjistit, co se šušká o tom, že jejich kočičí kavárna je v ohrožení. Navíc tu chtějí vyzkoušet svoji novou schopnost rozumět řeči zvířat. Začnou si povídat s ukřičeným ptákem kakadu, který se touží vrátit domů do Austrálie. Děti mu nabídnou, že se k nim může dočasně nastěhovat. Brzy ale zjistí, že vycházet se zvířaty může být stejně těžké jako s lidmi. Nakladatelská anotace. 
521 8 |a Pro čtenáře od 7 let 
655 7 |a australské příběhy  |7 fd230221  |2 czenas 
655 7 |a publikace pro děti  |7 fd133156  |2 czenas 
655 9 |a Australian stories  |2 eczenas 
655 9 |a children's literature  |2 eczenas 
700 1 |a Attanasio, Fabiana,  |d 1985-  |7 mzk2016933547  |4 ill 
700 1 |a Kupková, Tereza,  |d 1989-  |7 xx0265158  |4 trl 
765 0 |t Magic animal café 
787 0 8 |i Z cyklu:  |t Magická zvířecí kavárna  |g 2 
900 |a ABA001  |b 20 
928 9 |a Albatros Media - Fragment 
044 |a xr 
910 |a RBIT002 
998 |d 421190  |a https://core.palmknihy.cz/api/books/421190/cover?synwse  |b https://core.palmknihy.cz/api/books/421190/cover/400?synwse  |c https://core.palmknihy.cz/api/books/421190/cover/50?synwse  |e 2029-03-18  |g 120  |i 9788025371350  |j https://core.palmknihy.cz/api/books/421190/preview.epub  |k https://core.palmknihy.cz/api/books/421190/preview.pdf  |l   |q 49  |r 1  |s https://www.palmknihy.cz/kniha/421190  |t ebook  |y 2025  |z 0  |v Magická zvířecí kavárna  |w 2 
999 |d 312756